000 00786nam a2200253Ia 4500
003 OSt
005 20220928113628.0
006 a|||||r|||| 00| 0
007 ta
008 220927b |||||||| |||| 00| 0 eng d
024 _a19800
037 _cTextual
040 _aSDCL
_cSDCL
_beng
041 _2eng
_aeng
082 _aS1:84, P6
100 _aHirisave Uma Ed.
_9434161
245 0 _aPsychological assessment of children in the clinical setting
260 _aBangalore
_bNational Institute of Mental Health & Neuro Sciences.
_c2006
300 _avii,241p.
_ccm.
700 _a Kapur Malavika Ed.
_9398204
700 _a Oommen Anna Ed.
_9434162
942 _hS1:84, P6
_cTEXL
_2CC
999 _c750539
_d750539